000 00417nam a2200157 4500
001 111752
003 ES-MaACL
005 20230906185345.0
007 t|
008 061121s1927 uy r ||||1| spa d
100 1 _aOribe, Aquiles B.
_987251
245 1 0 _aEspaña y América /
_cAquiles B. Oribe.
260 _aMontevideo :
_bEl Siglo Ilustrado,
_c1927.
300 _a81 p. ;
_c20 cm.
852 _aES-MaACL
_jF-4518
999 _c111752
_d111752